Statistics for Canadian Football Teams (CFL)

Click here to take the quiz!

General Stats

  • This quiz has been taken 297 times
  • The average score is 7 of 9

Answer Stats

Answer% Correct
Saskatchewan Roughriders
85%
Toronto Argonauts
84%
Winnipeg Blue Bombers
84%
BC Lions
83%
Hamilton Tiger-Cats
81%
Calgary Stampeders
80%
Montreal Alouettes
79%
Edmonton Elks
75%
Ottawa Redblacks
72%

Score Distribution

Percentile by Number Answered

Percent of People with Each Score

Your Score History

You have not taken this quiz